Ibu kool bapa hebat
| Main Author: | |
|---|---|
| Format: | Book |
| Published: |
Selangor :
True Wealth ,
2007
|
| Subjects: |
MARC
| LEADER | 00000cam a2200000 7i4500 | ||
|---|---|---|---|
| 001 | 0000016215 | ||
| 005 | 20080424.0 | ||
| 008 | 080424 | ||
| 020 | |a 9833364305 | ||
| 090 | 0 | 0 | |a 649.1 |b JAM |
| 100 | 0 | |a Jamilah Samian | |
| 245 | 1 | 0 | |a Ibu kool bapa hebat |c Jamilah Samian |
| 260 | |a Selangor : |b True Wealth , |c 2007 | ||
| 650 | 0 | |a Child rearing | |
| 650 | 0 | |a Parenting | |
| 999 | |a 0001019006 |b Book |c Adult Collection |e Perbadanan Perpustakaan Awam Johor | ||
| 999 | |a 0001257758 |b Book |c Adult Collection |e Perbadanan Perpustakaan Awam Johor | ||